| 000 | 01322nam2a22002411 4500 | ||
|---|---|---|---|
| 001 | RU\NLR\INFOCOMM7\5000016883 | ||
| 005 | 20250617021608.0 | ||
| 035 | _a(NLR Aleph) 002371055 | ||
| 090 |
_a4572307 _c4572307 |
||
| 100 | _a20041202d1982 |||y0rusy50 ca | ||
| 101 | 0 | _arus | |
| 102 | _aRU | ||
| 105 | _ay ||||000|y | ||
| 200 | 1 | _aПологие асбестоцементные кровли сельскохозяйственных производственных зданий | |
| 210 |
_d1982 _aБ. м. |
||
| 461 | 0 |
_1001RU\NLR\INFOCOMM7\5000016828 _12001#$aСтроительство и архитектура$eОбзор. информ.$hСерия 6$iСельскохозяйственные комплексы, здания и сооружения$fВНИИ информ. по стр-ву и архитектуре$v1982, Вып.1(1) _94572207 _cМ. _d1979-1985 _fВНИИ информ. по стр-ву и архитектуре _hСерия 6 _iСельскохозяйственные комплексы, здания и сооружения _oОбзор. информ. _tСтроительство и архитектура _x0201-9795 _v1982, Вып.1(1) |
|
| 801 | 1 |
_aRU _bInfoComm _c20041203 |
|
| 801 | 0 |
_aRU _bNLR _gPSBO |
|
| 852 |
_aNLR _jП10/5619 |
||
| 942 | _cISSUE | ||
| 980 | _aNB | ||
| 980 | _aRUSPER | ||